STN EN 1866-2: 2016 (92 0510), Pojazdné hasiace prístroje Časť 2 Požiadavky na konštrukciu, odolnosť proti tlaku a mechanické skúšky hasiacich prístrojov s najvyšším dovolenýmm tlakom 30 bar alebo menším, ktoré spĺňajú požiadavky EN 1866-1
Táto norma je slovenskou verziou európskej normy EN 1866-2: 2014. Preklad zabezpečil Úrad pre normalizáciu, metrológiu a skúšobníctvo Slovenskej republiky. Táto norma má rovnaké postavenie, ako majú oficiálne verzie
| Korporatívny autor: | |
|---|---|
| Ďalší autori: | |
| Médium: | Kniha |
| Jazyk: | slovenčina angličtina |
| Fyzický popis: | 28 s. obr., tab. 30 cm |
| Vydavateľské údaje: |
Bratislava
Úrad pre normalizáciu, metrológiu a skúšobníctvo Slovenskej republiky
2016
|
| Predmet: |
MARC
| LEADER | 00000cam a2200000 a 4500 | ||
|---|---|---|---|
| 001 | vtls011470050 | ||
| 003 | SK-MaSNL | ||
| 005 | 20260301134826.0 | ||
| 008 | 160201s2016 xo a f u 000 0 slo | ||
| 015 | |a SNBN2016 | ||
| 040 | |a SNK |b slo |c SNK |e AACR2 | ||
| 041 | 1 | |a slo |h eng | |
| 044 | |a xo |c SK | ||
| 046 | |a s |m 201602 (účin.) | ||
| 072 | 7 | |a 614.84 |x Požiare. Ochrana pred požiarmi |2 konspekt | |
| 080 | |a 614.843/.847 |2 2001 | ||
| 080 | |a 006.7/.8 |2 2001 | ||
| 080 | |a (437.6) |2 2001 | ||
| 080 | |a (4) |2 2001 | ||
| 080 | |a 614.845 |2 2001 | ||
| 084 | |a 13.220.10 |2 ICS | ||
| 130 | 0 | |a STN 92 0510 (STN EN 1866-2) |9 489249 | |
| 245 | 1 | 0 | |a STN EN 1866-2: 2016 (92 0510), Pojazdné hasiace prístroje |n Časť 2 |p Požiadavky na konštrukciu, odolnosť proti tlaku a mechanické skúšky hasiacich prístrojov s najvyšším dovolenýmm tlakom 30 bar alebo menším, ktoré spĺňajú požiadavky EN 1866-1 |
| 246 | 1 | 0 | |a Pojazdné hasiace prístroje |
| 246 | 1 | 0 | |a Požiadavky na konštrukciu, odolnosť proti tlaku a mechanické skúšky hasiacich prístrojov s najvyšším dovolenýmm tlakom 30 bar alebo menším, ktoré spĺňajú požiadavky EN 1866-1 |
| 246 | 3 | 0 | |a EN 1866-2: 2014 SK |
| 260 | |a Bratislava |b Úrad pre normalizáciu, metrológiu a skúšobníctvo Slovenskej republiky |c 2016 | ||
| 300 | |a 28 s. |b obr., tab. |c 30 cm | ||
| 500 | |a Súbežný názov v angličtine, francúzštine, nemčine | ||
| 500 | |a Spracovateľ: Technický skúšobný ústav Piešťany, Marcel Svoboda | ||
| 500 | |a Táto norma nahrádza anglickú verziu STN EN 1866-2 z novembra 2014 v celom rozsahu. Spolu s STN EN 1866-1 a STN EN 1866-3 ruší STN EN 1866 z decembra 2006 | ||
| 504 | |a Normatívne referenčné dokumenty, súvisiace právne predpisy s. 2-3 | ||
| 520 | 8 | |a Táto norma je slovenskou verziou európskej normy EN 1866-2: 2014. Preklad zabezpečil Úrad pre normalizáciu, metrológiu a skúšobníctvo Slovenskej republiky. Táto norma má rovnaké postavenie, ako majú oficiálne verzie | |
| 540 | |a STN vydané na akomkoľvek nosiči sa môžu rozmnožovať a rozširovať iba so súhlasom určenej právnickej osoby |b SÚTN Bratislava |c zákon 264/1999 Z. z. | ||
| 650 | 0 | 7 | |a požiarna technika |2 SNKPH |9 69222 |
| 650 | 0 | 7 | |a technické normy a štandardy |z Slovensko |2 SNKPH |9 79594 |
| 650 | 0 | 7 | |a technické normy a štandardy |z krajiny Európskej únie |2 SNKPH |9 289341 |
| 650 | 0 | 7 | |a Fire technique |2 SNKPHeng |9 336533 |
| 650 | 0 | 7 | |a hasiace prístroje |2 SNKPH |9 51052 |
| 650 | 0 | 7 | |a Fire extinguishers |2 SNKPHeng |9 416282 |
| 655 | 7 | |a normy |2 SNKPH |9 70643 | |
| 700 | 1 | |a Svoboda, Marcel |4 trl |9 489250 | |
| 710 | 2 | |a Technický skúšobný ústav (Piešťany, Slovensko) |4 trl |9 293925 | |
| 710 | 2 | |a Slovenský ústav technickej normalizácie (Bratislava, Slovensko). |b Technická komisia č. 17 Ochrana a bezpečnosť stavieb pred požiarom |4 stn |9 489251 | |
| 710 | 1 | |a Slovensko. |b Úrad pre normalizáciu, metrológiu a skúšobníctvo |4 stn |9 158117 | |
| 852 | |a Štátna vedecká knižnica v Banskej Bystrici | ||
| 958 | |a OP | ||
| 958 | |a NB | ||
| 999 | |c 758217 |d 760147 | ||
| 952 | |a SNK |b SNK |y PREZ |7 0 |p 17A1179662 |o snkSTN EN 1866-2 |i snk2016/2764 |8 0 |0 0 |1 0 |4 0 |d 2016-02-03 |l 0 |r 2026-02-23 23:55:23 |w 2026-02-23 | ||
| 952 | |a SNK |b SNK |y PREZ |7 0 |p 17A1179663 |o snkSTN EN 1866-2 D1 |i snk2016/2765 |8 0 |0 0 |1 0 |4 0 |d 2016-02-03 |l 0 |r 2026-02-23 23:55:23 |w 2026-02-23 | ||


